| 000 | 00930nac a22002171u 4500 | ||
|---|---|---|---|
| 008 | 100511t xxu||||| |||| 00| 0 eng d | ||
| 010 | _a 2005020350 | ||
| 020 | _a1587992035 (alk. paper) | ||
| 082 | 0 | 0 |
_a658.81 _222 _bSAL |
| 100 |
_a20080729 _913869 |
||
| 245 | 0 | 0 |
_aStrategic sales leadership : _bbreakthrough thinking for breakthrough results / _cThe Sales Educators. |
| 260 |
_aMason, Ohio : _bThomson, _cc2006. |
||
| 300 |
_av, 272 p. : _bill. ; _c24 cm. |
||
| 504 | _aIncludes bibliographical references and index. | ||
| 650 | 0 |
_aSales management. _913870 |
|
| 650 | 0 |
_aSelling. _913871 |
|
| 710 | 2 |
_aSales Educators. _913872 |
|
| 856 | 4 | 1 |
_3Table of contents _uhttp://www.loc.gov/catdir/toc/ecip0516/2005020350.html |
| 942 |
_cBB _k658.81SAL _2ddc |
||
| 999 |
_c2434 _d2434 |
||